Professional English in Use Engineering. Techical English for professionals

Bibliografiske detaljer
Hovedforfatter: Ibbotson M. Mark
Summary:Professional English in Use Engineering is for engineering students and engineers who need to use English at work.Providing vocabulary reference and practice, it covers the essential technical English that all engineers need, as well as high-priority terminology for mechanical, civil and electrical engineering. Topics include Design, Materials technology, Manufacturing and assembly and Static and dynamic principles. Suitable for Intermediate to Upper Intermediate level learners of English (CEF B1-B2), this book contains 45 units and is ideal for self-study, classroom work and one-to-one lessons.Authored by a qualified engineer with professional experience in both engineering and English language teaching, you can trust this book to provide the specialist vocabulary that engineers really need. Explains new words and expressions and provides activities to help learners develop their understanding of new language. Encourages learners to apply the vocabulary they learn to their own studies and working lives through 'Over to you' activities. Uses authentic texts, real companies and credible scenarios to present vocabulary, ensuring maximum practicality for engineers. Includes a comprehensive answer key and an index with phonemic script, providing extra support for self-study learners.
Исключено из фонда НТБ ТПУ
Sprog:engelsk
Udgivet: Cambridge, Cambridge University Press, 2011
Format: MixedMaterials Bog
KOHA link:https://koha.lib.tpu.ru/cgi-bin/koha/opac-detail.pl?biblionumber=325379

MARC

LEADER 00000nam0a2200000 4500
001 325379
005 20240606132920.0
010 |a 9780521734882 
035 |a (RuTPU)RU\TPU\book\350993 
035 |a RU\TPU\book\210291 
090 |a 325379 
100 |a 20161205d2011 m y0engy50 ba 
101 0 |a eng 
102 |a GB 
105 |a a j 001zy 
200 1 |a Professional English in Use Engineering. Techical English for professionals  |f M. Ibbotson 
210 |a Cambridge  |c Cambridge University Press  |d 2011 
215 |a 144 p.  |c il. 
320 |a Index: p. 130-142 
330 |a Professional English in Use Engineering is for engineering students and engineers who need to use English at work.Providing vocabulary reference and practice, it covers the essential technical English that all engineers need, as well as high-priority terminology for mechanical, civil and electrical engineering. Topics include Design, Materials technology, Manufacturing and assembly and Static and dynamic principles. Suitable for Intermediate to Upper Intermediate level learners of English (CEF B1-B2), this book contains 45 units and is ideal for self-study, classroom work and one-to-one lessons.Authored by a qualified engineer with professional experience in both engineering and English language teaching, you can trust this book to provide the specialist vocabulary that engineers really need. Explains new words and expressions and provides activities to help learners develop their understanding of new language. Encourages learners to apply the vocabulary they learn to their own studies and working lives through 'Over to you' activities. Uses authentic texts, real companies and credible scenarios to present vocabulary, ensuring maximum practicality for engineers. Includes a comprehensive answer key and an index with phonemic script, providing extra support for self-study learners. 
333 |a Исключено из фонда НТБ ТПУ 
686 |a Ш143.21-923  |2 rubbk 
700 1 |a Ibbotson  |b M.  |g Mark 
801 1 |a RU  |b 63413507  |c 20110310 
801 2 |a RU  |b 63413507  |c 20161213  |g RCR 
942 |c BK